Statistics for A-Z Star Wars: The Clone Wars

Click here to take the quiz!

General Stats

  • This quiz has been taken 93 times
  • The average score is 19 of 26

Answer Stats

ClueAnswer% Correct
CLeader of the separatistCount Dooku
97%
RCaptain of the 501st legionRex
96%
FClone who dicovered the inhibidor chipFives
95%
GJar Jar speciesGungan
95%
MLava PlanetMustafar
95%
AAssassin of count dookuAsajj Ventress
93%
YWise JediYoda
93%
ELast member of the Domino squadEcho
89%
SMaul's brotherSavage Opress
89%
HLeader of the Bad BatchHunter
84%
BDroid of the separatistB-1 Battle droid
83%
KWater PlanetKamino
83%
UPlanet where General Grievous diedUtapau
80%
VSeparatist starfighterVulture droid
79%
PJedi who turned against his manPong Krell
73%
DRolling droidDroideka
68%
OGeneral of the 212th attack battalionObi-Wan Kenobi
65%
NNaboo's starfighterN-1
63%
WCommander of the 104th battalionWolffe
63%
ZBounty Hunter who attempt to murder padmeZam Wessel
63%
TAhsoka speciesTogruta
60%
JOne of the 3 clones who disobey Pong Krell's orderJesse
59%
QJedi who turn to the dark sideQuinlan Vos
51%
IPlanet where the Jedi find their Kyber CristalsIlum
45%
LRepublic gunshipLAAT
39%
XSpeeder use by Anakin and Obi-Wan to pursue Zam WesselXJ-6 airspeeder
3%

Score Distribution

Percentile by Number Answered

Percent of People with Each Score

Your Score History

You have not taken this quiz